000 01456 a2200229 4500
020 _a0324044992
020 _a9780324044997
082 0 4 _a658.4033
090 _c3793
_d3793
100 1 _aAnderson, David R.
245 1 0 _aQuantitative methods for business /
_cDavid R. Anderson.
250 _a8th ed.
260 _a[S.l.] :
_bSouth-Western Educational Publishing,
_c2000.
300 _a840 p. ;
_c26 cm.
500 _aHardcover.
520 _aThis revision of the classic Quantitative Methods for Business provides readers with a conceptual understanding of the role that quantitative methods play in the decision-making process. This text describes the many quantitative methods that have been developed over the years, explains how they work, and shows how the decision-maker can apply and interpret data. Written with the non-mathematician in mind, this text is applications-oriented. Its Problem-Scenario Approach motivates and helps the reader to understand and apply mathematical concepts and techniques. In addition, the managerial orientation uses examples that illustrate situations in which quantitative methods are useful in decision making.
700 1 _aWilliams, Thomas A.
700 1 _aSweeney, Dennis J.
856 4 0 _3Amazon.com
_uhttp://www.amazon.com/exec/obidos/ASIN/0324044992/chopaconline-20
856 4 0 _3Amazon customer reviews
_uhttp://www.chopac.org/cgi-bin/tools/azrev.pl?q=0324044992
942 _aNBS
_cBK
_k658.4033 AND
999 _c346258
_d346258